000 00603nam a2200193Ia 4500
003 GCL
008 140319s9999 xx 000 0 ara d
040 _aGCL /
_cGCL
082 0 4 _aط
_b507
_bا ح
100 1 _aاحمد حماد الحسينى
245 1 0 _aالحياة منذ كانت /
_cاحمد حماد الحسينى
260 _a[S.N] :
_bدار المعارف ،
_c1992
300 _a35 ص
490 _aمجموعة الكتب العلمية
_v0
650 0 4 _aالعلوم
650 0 4 _aالتاريخ الطبيعى
650 0 4 _aالحيوانات المنقرضة
942 _2ddc
_cBK
999 _c56847
_d56847